Statistics for Deadliest Dictators (Easy Version)

Click here to take the quiz!

General Stats

  • This quiz has been taken 32 times
  • The average score is 6 of 7

Answer Stats

Answer% Correct
Adolf Hitler
100%
Fidel Castro
97%
Kim Jong-un
97%
Joseph Stalin
93%
Saddam Hussein
93%
Mao Zedong
90%
Mobutu Sese Seko
37%

Score Distribution

Percentile by Number Answered

Percent of People with Each Score

Your Score History

You have not taken this quiz